Ministerstvu kompetencie nechýbajú

Minister pre správu a privatizáciu národného majetku SR Peter Bisák o právomociach rezortu privatizácie a transparentnosti transformačného procesu na Slovensku. Zapojenie zamestnancov do privatizačného procesu. Odhad privatizačných vývojových trendov.

Saved in:
Bibliographic Details
Main Author: Bisák, P.
Other Authors: Bujačková, E.
Format: Book Chapter
Language:Slovak
Subjects:
Tags: Add Tag
No Tags, Be the first to tag this record!

MARC

LEADER 00000naa a2200000 4500
001 r020039
005 20230801103455.0
041 0 |a slo 
044 |a SK 
245 1 0 |a Ministerstvu kompetencie nechýbajú  |c P. Bisák, E. Bujačková 
520 |a Minister pre správu a privatizáciu národného majetku SR Peter Bisák o právomociach rezortu privatizácie a transparentnosti transformačného procesu na Slovensku. Zapojenie zamestnancov do privatizačného procesu. Odhad privatizačných vývojových trendov. 
610 2 0 |a Slovensko 
610 2 0 |a 1991-1996 
610 2 0 |a transformácia 
610 2 0 |a privatizácia 
610 2 0 |a MSPNM SR Bratislava 
610 2 0 |a zamestnanci 
100 1 |a Bisák, P. 
700 1 |a Bujačková, E.